[Event "4NCL Division 3"]
[Site "Daventry Court ENG"]
[Date "2014.03.23"]
[Round "8.120"]
[White "Graham, Neil"]
[Black "Fenwick, Hugh F"]
[Result "1/2-1/2"]
[WhiteElo "1841"]
[BlackElo "1871"]
[PlyCount "135"]
[EventDate "2014.03.23"]
[WhiteTeam "Ashfield-Breadsall"]
[BlackTeam "Surbiton"]

1. d4 e6 2. e4 d5 3. Be3 Nf6 4. e5 Nfd7 5. f4 c5 6. c3 Nc6 7. Nf3 Be7 8. Be2
Qb6 9. Qc1 f6 10. exf6 Nxf6 11. O-O Ng4 12. b3 Nxe3 13. Qxe3 cxd4 14. cxd4 O-O
15. Nc3 Bf6 16. Rad1 Bd7 17. Na4 Qc7 18. Nc5 Nxd4 19. Nxd7 Nxe2+ 20. Qxe2 Qxd7
21. Kh1 Rae8 22. Ne5 Qd6 23. Qe3 a6 24. h3 Bd8 25. Rfe1 b5 26. g3 Bb6 27. Qe2
Ba5 28. Rf1 Rc8 29. Rc1 Bc3 30. Nf3 Rfe8 31. Ng5 g6 32. h4 d4 33. Qd3 Qd5+ 34.
Kh2 e5 35. Ne4 Qe6 36. Nxc3 dxc3 37. Rxc3 exf4 38. Rxc8 fxg3+ 39. Qxg3 Rxc8 40.
Rf2 Re8 41. Kg2 h6 42. Rd2 Qe4+ 43. Kh2 Rf8 44. Rf2 Rxf2+ 45. Qxf2 Qe6 46. Qd4
Qe2+ 47. Kg3 Qe1+ 48. Kh2 Qe7 49. Qd5+ Kh7 50. Kg3 g5 51. Qd3+ Kg7 52. Qd4+ Kf7
53. Qd5+ Qe6 54. Qd3 Kf6 55. hxg5+ hxg5 56. Qd8+ Kf5 57. Qd3+ Kf6 58. Qd8+ Kg6
59. Qd3+ Qf5 60. Qd6+ Qf6 61. Qd3+ Kh6 62. Qe4 Qd6+ 63. Kg4 Qd1+ 64. Kg3 Qg1+
65. Kh3 Qb6 66. Kg4 Qg1+ 67. Kh3 Qf2 68. Qe6+ 1/2-1/2

[Event "4NCL Division 3"]
[Site "Daventry Court ENG"]
[Date "2014.03.23"]
[Round "8.126"]
[White "Gardiner, Eric D"]
[Black "Graham, David B"]
[Result "1/2-1/2"]
[WhiteElo "2009"]
[BlackElo "2165"]
[PlyCount "88"]
[EventDate "2014.03.23"]
[WhiteTeam "Bradford DCA Knights B"]
[BlackTeam "Sussex Smart Survivors 1"]

1. d4 Nf6 2. Bg5 b6 3. Bxf6 exf6 4. e4 Bb7 5. Nd2 Be7 6. Ngf3 O-O 7. Bd3 d5 8.
exd5 Qxd5 9. O-O Nc6 10. Re1 Rfe8 11. c3 Bd6 12. Qa4 Qa5 13. Qc2 Qh5 14. Ne4
Bf4 15. Ng3 Bxg3 16. hxg3 Ne7 17. Be4 Nd5 18. a3 c6 19. Nd2 Ne7 20. Bf3 Qf5 21.
Be4 Qh5 22. Nc4 f5 23. Bf3 Qh6 24. Re3 f4 25. gxf4 Nd5 26. Re5 Qxf4 27. Rae1
Rxe5 28. Rxe5 f6 29. Re1 Rd8 30. Qe2 Qc7 31. Qe6+ Qf7 32. Nd6 Qxe6 33. Rxe6 Ba6
34. Re8+ Rxe8 35. Nxe8 Kf7 36. Nd6+ Ke6 37. Ne4 Nf4 38. Nd2 Kd6 39. Be4 g6 40.
g3 Ne2+ 41. Kg2 f5 42. Bc2 Nc1 43. Kf3 Nd3 44. Bxd3 Bxd3 1/2-1/2

[Event "4NCL Division 3"]
[Site "Daventry Court ENG"]
[Date "2014.03.23"]
[Round "8.127"]
[White "Grant, David J"]
[Black "Jennings, Roger W"]
[Result "1-0"]
[WhiteElo "2103"]
[BlackElo "2147"]
[PlyCount "39"]
[EventDate "2014.03.23"]
[WhiteTeam "Sussex Smart Survivors 1"]
[BlackTeam "Bradford DCA Knights B"]

1. e4 g6 2. d4 Bg7 3. Nc3 d6 4. f4 Nf6 5. Nf3 O-O 6. Bd3 Nc6 7. e5 dxe5 8. dxe5
Nd5 9. Bd2 Ncb4 10. Be4 c6 11. Qe2 f6 12. a3 Na6 13. O-O-O Nc5 14. Bxd5+ cxd5
15. Be3 Qa5 16. Nxd5 fxe5 17. Qc4 Ne6 18. Nxe7+ Kh8 19. Nxe5 Nxf4 20. Qg8+ 1-0

[Event "4NCL Division 3"]
[Site "Daventry Court ENG"]
[Date "2014.03.23"]
[Round "8.128"]
[White "Nicholson, Jim WR"]
[Black "Cumming, Rhys"]
[Result "1/2-1/2"]
[WhiteElo "2007"]
[BlackElo "2033"]
[PlyCount "84"]
[EventDate "2014.03.23"]
[WhiteTeam "Bradford DCA Knights B"]
[BlackTeam "Sussex Smart Survivors 1"]

1. d4 Nf6 2. Nf3 g6 3. Bg5 Bg7 4. Nbd2 d5 5. e3 O-O 6. Bd3 Nc6 7. c3 Re8 8. O-O
e5 9. dxe5 Nxe5 10. Nxe5 Rxe5 11. Nf3 Re8 12. h3 c6 13. a4 Qb6 14. Qc2 Ne4 15.
Bf4 Nc5 16. a5 Qd8 17. Nd4 Nxd3 18. Qxd3 a6 19. Rfd1 Qe7 20. Rd2 Be6 21. Qc2
Rad8 22. Rad1 Bc8 23. Qb3 Rd7 24. Qb6 Qd8 25. Qxd8 Rdxd8 26. Bc7 Rd7 27. Bb6
Rde7 28. Nb3 f5 29. Bd4 Bh6 30. f4 Bg7 31. Nc5 Bxd4 32. exd4 Re3 33. Nd3 R8e4
34. Kf2 h6 35. h4 Kg7 36. g3 Kf6 37. Rh1 Re7 38. Ne5 Re4 39. Kf3 Be6 40. Nd3
Bc8 41. Ne5 Be6 42. Nd3 Bc8 1/2-1/2

[Event "4NCL Division 3"]
[Site "Daventry Court ENG"]
[Date "2014.03.23"]
[Round "8.129"]
[White "Higgs, Anthony RJ"]
[Black "McCarthy, Damian"]
[Result "1/2-1/2"]
[WhiteElo "1982"]
[BlackElo "1899"]
[PlyCount "65"]
[EventDate "2014.03.23"]
[WhiteTeam "Sussex Smart Survivors 1"]
[BlackTeam "Bradford DCA Knights B"]

1. d4 Nf6 2. c4 e6 3. Nc3 Bb4 4. Qc2 Nc6 5. Nf3 O-O 6. a3 Bxc3+ 7. Qxc3 Ne4 8.
Qc2 f5 9. e3 d6 10. b3 Qe7 11. Bb2 e5 12. d5 Nb8 13. Be2 a5 14. O-O Na6 15. Ne1
Bd7 16. f3 Nf6 17. e4 fxe4 18. fxe4 Rf7 19. b4 Raf8 20. Bc3 axb4 21. axb4 Ng4
22. Rxf7 Qxf7 23. Nf3 Qg6 24. Qd3 Qh6 25. h3 Nf6 26. Nd2 Nh5 27. Bxh5 Qxh5 28.
Rf1 Rxf1+ 29. Nxf1 Qg5 30. Bd2 Qf6 31. Qg3 h6 32. Ne3 Kh7 33. Nd1 1/2-1/2

[Event "4NCL Division 3"]
[Site "Daventry Court ENG"]
[Date "2014.03.23"]
[Round "8.130"]
[White "Slinger, AJ (Tony)"]
[Black "Payne, Matthew J"]
[Result "1-0"]
[WhiteElo "1950"]
[BlackElo "1950"]
[PlyCount "131"]
[EventDate "2014.03.23"]
[WhiteTeam "Bradford DCA Knights B"]
[BlackTeam "Sussex Smart Survivors 1"]

1. d4 Nf6 2. c4 g6 3. Nc3 Bg7 4. e4 d6 5. Be2 O-O 6. Bg5 c5 7. d5 Nbd7 8. Qd2
Qa5 9. Nf3 h6 10. Bf4 g5 11. Bg3 Nh5 12. O-O Nxg3 13. hxg3 g4 14. Nh4 Ne5 15.
a3 e6 16. Rad1 Bd7 17. f4 gxf3 18. gxf3 Qa6 19. Qc1 Nxc4 20. a4 Bd4+ 21. Rxd4
cxd4 22. Nb5 Ne3 23. Nxd4 Qb6 24. Qxe3 e5 25. Ndf5 Kh7 26. a5 Qxe3+ 27. Nxe3
Rac8 28. Nhf5 Bxf5 29. Nxf5 Rc2 30. Rf2 Rxb2 31. Nxd6 f6 32. Bf1 Rb3 33. Rc2
Rxf3 34. Rc7+ Kg6 35. Kg2 Rb3 36. Be2 Rb2 37. Kf2 Ra2 38. Rxb7 h5 39. Nf5 Rf7
40. Ne7+ Kg5 41. Rxa7 Rh7 42. Nc6 Rxa7 43. Nxa7 Rxa5 44. Nc6 Rc5 45. Ne7 Rc7
46. Nf5 Kg6 47. Ke3 Kg5 48. d6 Rb7 49. Bc4 Kg4 50. Be6 Rb8 51. d7 Rd8 52. Ne7+
Kxg3 53. Nc6 Ra8 54. d8=Q Rxd8 55. Nxd8 h4 56. Nf7 h3 57. Bxh3 Kxh3 58. Kf3 Kh4
59. Nd6 Kh5 60. Ke3 Kg4 61. Kd3 Kf4 62. Kc4 Ke3 63. Kd5 Kf4 64. Ke6 Kg5 65. Kf7
f5 66. Nxf5 1-0

[Event "4NCL Division 3"]
[Site "Daventry Court ENG"]
[Date "2014.03.23"]
[Round "8.135"]
[White "Hewitt, Sean D"]
[Black "Thorarinsson, Pall A"]
[Result "1/2-1/2"]
[WhiteElo "1845"]
[BlackElo "2233"]
[PlyCount "61"]
[EventDate "2014.03.23"]
[WhiteTeam "e2e4.org.uk 3"]
[BlackTeam "Fermented Sharks"]

1. e4 g6 2. Nc3 Bg7 3. f4 a6 4. Nf3 b5 5. a4 b4 6. Nd5 Bb7 7. Bd3 a5 8. Ne3 Na6
9. Bxa6 Rxa6 10. O-O Bxe4 11. Qe2 Bb7 12. f5 Nf6 13. d3 O-O 14. Ng5 e6 15. fxg6
fxg6 16. Nc4 Qe7 17. Rb1 Raa8 18. Bd2 Qc5+ 19. Be3 Qd5 20. Rf2 h6 21. Nh3 g5
22. Rbf1 Nh7 23. b3 Rf5 24. Nd2 Nf8 25. Ne4 Ng6 26. Qh5 Nh4 27. Bxg5 Raf8 28.
Qxh4 Rxf2 29. Rxf2 Rxf2 30. Nhxf2 hxg5 31. Qxg5 1/2-1/2

[Event "4NCL Division 3"]
[Site "Daventry Court ENG"]
[Date "2014.03.23"]
[Round "8.136"]
[White "Farkas, Daniel"]
[Black "Peat, Matthew"]
[Result "1/2-1/2"]
[WhiteElo "2124"]
[BlackElo "2063"]
[PlyCount "64"]
[EventDate "2014.03.23"]
[WhiteTeam "Fermented Sharks"]
[BlackTeam "e2e4.org.uk 3"]

1. e4 c6 2. d4 d5 3. exd5 cxd5 4. Bd3 Nc6 5. c3 Qc7 6. h3 Nf6 7. Ne2 e5 8. dxe5
Nxe5 9. Bc2 Bd6 10. Nd4 a6 11. O-O O-O 12. Nd2 Re8 13. N2f3 Ng6 14. Be3 Bd7 15.
Nf5 Bf8 16. N3d4 Ne4 17. Bb3 Qe5 18. Qf3 a5 19. a3 Ra6 20. g4 Rf6 21. Qd1 Ne7
22. Nf3 Qc7 23. Bd4 Nxf5 24. Bxf6 Ne3 25. fxe3 Qg3+ 26. Kh1 Qxh3+ 27. Nh2 Bd6
28. Qc2 Bxg4 29. Qg2 Ng3+ 30. Kg1 Ne2+ 31. Kh1 Ng3+ 32. Kg1 Ne2+ 1/2-1/2

[Event "4NCL Division 3"]
[Site "Daventry Court ENG"]
[Date "2014.03.23"]
[Round "8.137"]
[White "Denton, John R"]
[Black "Agnew, Alan"]
[Result "1/2-1/2"]
[WhiteElo "2024"]
[BlackElo "2081"]
[PlyCount "107"]
[EventDate "2014.03.23"]
[WhiteTeam "e2e4.org.uk 3"]
[BlackTeam "Fermented Sharks"]

1. b3 e5 2. Bb2 d6 3. g3 f5 4. Bg2 Nf6 5. e3 g6 6. Ne2 Bg7 7. c4 O-O 8. d3 Nc6
9. Nbc3 Ne7 10. Qd2 c6 11. f4 exf4 12. gxf4 Be6 13. Nd4 Bf7 14. Nf3 h6 15. O-O
Rb8 16. b4 Re8 17. a4 d5 18. c5 d4 19. exd4 Ng4 20. Ne5 Qxd4+ 21. Kh1 Nxe5 22.
fxe5 Qxe5 23. Rae1 Qc7 24. Re2 Nd5 25. Nxd5 Rxe2 26. Qxe2 Bxd5 27. Bxd5+ cxd5
28. Bxg7 Qxg7 29. b5 Qf7 30. Re1 d4 31. Qe6 Rd8 32. c6 bxc6 33. bxc6 Qxe6 34.
Rxe6 Kf7 35. c7 Rc8 36. Rc6 h5 37. h4 Ke7 38. Kg2 Kd7 39. Rxg6 Rxc7 40. Rh6 Rc3
41. Rxh5 Ke6 42. Rh7 Rxd3 43. Rxa7 Kf6 44. Ra6+ Kg7 45. h5 Ra3 46. a5 Kh7 47.
Rd6 Rxa5 48. Rxd4 Kh6 49. Kf3 Kg5 50. h6 Ra3+ 51. Kg2 Kxh6 52. Rc4 Kg5 53. Rb4
f4 54. Rb8 1/2-1/2

[Event "4NCL Division 3"]
[Site "Daventry Court ENG"]
[Date "2014.03.23"]
[Round "8.138"]
[White "Millward, Kevin P"]
[Black "Garnett, John S"]
[Result "1-0"]
[WhiteElo "2000"]
[BlackElo "2006"]
[PlyCount "153"]
[EventDate "2014.03.23"]
[WhiteTeam "Fermented Sharks"]
[BlackTeam "e2e4.org.uk 3"]

1. g3 d5 2. Bg2 Nf6 3. d3 c5 4. Nc3 g6 5. e4 dxe4 6. Nxe4 Nxe4 7. dxe4 Qxd1+ 8.
Kxd1 Bg7 9. c3 Nc6 10. Be3 b6 11. Kc2 O-O 12. Ne2 Ba6 13. Nf4 Rad8 14. Bf1 Bb7
15. f3 Ne5 16. Be2 e6 17. h4 Rd7 18. Rad1 Rfd8 19. Rxd7 Rxd7 20. Rf1 h6 21. Bb5
Rd8 22. Be2 g5 23. hxg5 hxg5 24. Nd3 Ba6 25. Nxe5 Bxe2 26. Re1 Ba6 27. Bxg5 f6
28. Bh4 Rd6 29. Ng4 f5 30. exf5 exf5 31. Ne5 Bb7 32. Nc4 Rd7 33. f4 b5 34. Ne5
Rd6 35. Be7 Ra6 36. a3 c4 37. Bc5 Be4+ 38. Kd2 Re6 39. Bxa7 Bxe5 40. fxe5 Rxe5
41. Bd4 Re6 42. Re2 Rh6 43. Ke3 Kf7 44. Be5 Bd3 45. Rd2 Ke6 46. Bf4 Rh7 47. Kd4
Be4 48. Kc5 Rb7 49. Rd6+ Ke7 50. Bg5+ Ke8 51. Rd8+ Kf7 52. Bf4 Ke7 53. Bg5+ Kf7
54. Rd6 Ke8 55. Bh4 Bc2 56. Re6+ Kd7 57. Rd6+ Kc8 58. Rd8+ Kc7 59. Rf8 Be4 60.
Bd8+ Kd7 61. Bb6 Bc2 62. Rf7+ Kc8 63. Rf8+ Kd7 64. Kxb5 Bd3 65. a4 Ke7 66. Rh8
Kd6 67. a5 Rg7 68. a6 Rxg3 69. a7 Be4 70. Rd8+ Ke7 71. a8=Q Bxa8 72. Rxa8 Rg2
73. Ra2 f4 74. Kxc4 f3 75. Ra7+ Ke6 76. b4 f2 77. Ra1 1-0

[Event "4NCL Division 3"]
[Site "Daventry Court ENG"]
[Date "2014.03.23"]
[Round "8.139"]
[White "Kingston, Ian S"]
[Black "Hermes, Geoff R"]
[Result "1-0"]
[WhiteElo "1956"]
[BlackElo "1930"]
[PlyCount "99"]
[EventDate "2014.03.23"]
[WhiteTeam "e2e4.org.uk 3"]
[BlackTeam "Fermented Sharks"]

1. e4 d6 2. d4 Nf6 3. Nc3 c6 4. g3 e5 5. Bg2 Be7 6. Nge2 O-O 7. O-O b5 8. a3
Bb7 9. h3 h5 10. f4 Nbd7 11. fxe5 dxe5 12. dxe5 Nxe5 13. Bf4 Ng6 14. Qxd8 Raxd8
15. e5 Nd7 16. e6 fxe6 17. Be4 Rf6 18. Be3 Nde5 19. Bxa7 Rd7 20. Rad1 Rxf1+ 21.
Kxf1 Rxd1+ 22. Nxd1 Kf7 23. Nd4 b4 24. a4 Ba6+ 25. Kg2 c5 26. Nb3 Nd7 27. Bf3
Nge5 28. Bxh5+ g6 29. Bf3 Nxf3 30. Kxf3 Bb7+ 31. Kf2 c4 32. Na5 Bd5 33. Ne3 Nc5
34. Naxc4 Ne4+ 35. Ke1 Nxg3 36. Nxd5 exd5 37. Ne3 Ke6 38. Bb6 Ne4 39. a5 Nc5
40. Bxc5 Bxc5 41. Ke2 Kd6 42. Kd3 Kc6 43. Ng2 g5 44. Ne3 Kb5 45. Nxd5 Kxa5 46.
Kc4 Bd6 47. b3 Bf8 48. Nf6 Be7 49. Ne4 Kb6 50. Kd5 1-0

[Event "4NCL Division 3"]
[Site "Daventry Court ENG"]
[Date "2014.03.23"]
[Round "8.140"]
[White "McAleenan, Charles T"]
[Black "Truman, Richard G"]
[Result "0-1"]
[WhiteElo "1815"]
[BlackElo "1950"]
[PlyCount "102"]
[EventDate "2014.03.23"]
[WhiteTeam "Fermented Sharks"]
[BlackTeam "e2e4.org.uk 3"]

1. d4 Nf6 2. Bf4 g6 3. e3 Bg7 4. Nf3 O-O 5. Be2 c5 6. c3 d6 7. h3 b6 8. O-O Bb7
9. Nbd2 cxd4 10. exd4 Nbd7 11. a4 Nh5 12. Bh2 e5 13. dxe5 dxe5 14. Nc4 Qe7 15.
Qd6 Qxd6 16. Nxd6 Bc6 17. Ng5 Nf4 18. Bxf4 exf4 19. Bb5 Bxb5 20. axb5 Ne5 21.
Rfd1 Rfd8 22. h4 Rd7 23. Nde4 Rad8 24. Rxd7 Rxd7 25. Nh3 f3 26. Nhg5 fxg2 27.
Kxg2 h6 28. Nf3 Nd3 29. Ra2 Re7 30. Ng3 f5 31. Nd4 Bxd4 32. cxd4 f4 33. Nh1 g5
34. hxg5 hxg5 35. b3 g4 36. Rd2 Ne1+ 37. Kf1 Nf3 38. Rd1 Rh7 39. Ke2 Re7+ 40.
Kd3 Kf7 41. d5 Kf6 42. Rc1 Ke5 43. Rc6 Kxd5 44. Rf6 Ke5 45. Rh6 Ng5 46. Rh5
Rd7+ 47. Ke2 Kf5 48. Rh8 Rh7 49. Rxh7 Nxh7 50. Kd3 Ke5 51. b4 Ng5 0-1

[Event "4NCL Division 3"]
[Site "Daventry Court ENG"]
[Date "2014.03.23"]
[Round "8.145"]
[White "Delay, Guillaume"]
[Black "Williamson, Roger G"]
[Result "0-1"]
[WhiteElo "2046"]
[BlackElo "2140"]
[PlyCount "88"]
[EventDate "2014.03.23"]
[WhiteTeam "Bristol University"]
[BlackTeam "Ferry 'Cross the Maroczy 1"]

1. e4 e5 2. Bc4 Nc6 3. Nf3 Nf6 4. d3 h6 5. Bb3 d6 6. c3 g6 7. Nbd2 Bg7 8. Nf1
O-O 9. h3 d5 10. Qe2 Re8 11. g4 dxe4 12. dxe4 Nh7 13. Bd2 Nb8 14. Ne3 Nd7 15.
Bc2 a5 16. h4 Nc5 17. h5 b6 18. Nh4 Ba6 19. c4 Nf8 20. O-O-O Nce6 21. hxg6 fxg6
22. Qf3 Nd4 23. Qh3 Qf6 24. Bd3 Nfe6 25. Nd5 Qf7 26. Rdf1 c6 27. Nxb6 Rab8 28.
Bxa5 Nf4 29. Qe3 Rxb6 30. Bxb6 Bxc4 31. Rd1 Bxd3 32. Rxd3 Qc4+ 33. Rc3 Qxa2 34.
Kd1 Qa4+ 35. b3 Qb5 36. Bc5 Ra8 37. Re1 Ra1+ 38. Kd2 Ra2+ 39. Kd1 Qa6 40. Rc4
Ra1+ 41. Kd2 Qa2+ 42. Kc3 Qxb3+ 43. Kd2 Ra2+ 44. Kc1 Qxc4+ 0-1

[Event "4NCL Division 3"]
[Site "Daventry Court ENG"]
[Date "2014.03.23"]
[Round "8.146"]
[White "Kee, Steve"]
[Black "Thompson, Robert"]
[Result "1-0"]
[WhiteElo "2032"]
[BlackElo "1969"]
[PlyCount "105"]
[EventDate "2014.03.23"]
[WhiteTeam "Ferry 'Cross the Maroczy 1"]
[BlackTeam "Bristol University"]

1. e4 d6 2. Bc4 Nf6 3. Qe2 c5 4. d3 Nc6 5. c3 Rb8 6. Bb3 Bg4 7. f3 Bd7 8. f4 e6
9. Nf3 Be7 10. O-O O-O 11. h3 b5 12. Be3 a5 13. Nbd2 a4 14. Bc2 a3 15. b3 Qa5
16. c4 Nb4 17. Rfc1 d5 18. e5 Ne8 19. d4 bxc4 20. bxc4 Nxc2 21. Rxc2 Ba4 22.
Rcc1 Nc7 23. Qd3 cxd4 24. Nxd4 Rfd8 25. f5 Qa6 26. Qe2 Rb2 27. Qg4 Bf8 28. Qh4
Rd7 29. N2f3 exf5 30. Nxf5 Bc2 31. Qg4 Bxf5 32. Qxf5 Ne6 33. Qg4 dxc4 34. Rxc4
Rd3 35. Bf2 Qb7 36. Nd4 Rxf2 37. Nxe6 Rdd2 38. Nf4 h5 39. Qg3 Qb2 40. Re1 Qxa2
41. Rc8 Qb2 42. Rec1 Qb7 43. R1c7 Qb1+ 44. Kh2 Qf5 45. e6 h4 46. Qxh4 fxe6 47.
Qg3 g5 48. Rxf8+ Kxf8 49. Qxa3+ Kg8 50. Rc8+ Kg7 51. Qe7+ Qf7 52. Qxg5+ Kh7 53.
Qh4+ 1-0

[Event "4NCL Division 3"]
[Site "Daventry Court ENG"]
[Date "2014.03.23"]
[Round "8.147"]
[White "Meadows, Michael"]
[Black "Hawkins, James NH"]
[Result "1-0"]
[WhiteElo "1775"]
[BlackElo "1946"]
[PlyCount "61"]
[EventDate "2014.03.23"]
[WhiteTeam "Bristol University"]
[BlackTeam "Ferry 'Cross the Maroczy 1"]

1. e4 e5 2. Nf3 Nc6 3. Bc4 Nf6 4. Ng5 d5 5. exd5 Na5 6. Bb5+ c6 7. dxc6 bxc6 8.
Bd3 h6 9. Ne4 Nd5 10. Nbc3 Nf4 11. Bf1 Be6 12. g3 Ng6 13. d3 f5 14. Qh5 Qd7 15.
Qxg6+ Bf7 16. Nf6+ gxf6 17. Qxf6 Qe6 18. Qxh8 O-O-O 19. Bh3 Qg6 20. Be3 Re8 21.
O-O-O Kb8 22. d4 Nc4 23. Rhe1 Nxb2 24. Kxb2 Ba3+ 25. Kxa3 Qd6+ 26. Kb2 Qb4+ 27.
Kc1 Rxh8 28. Kd2 Qc4 29. Rb1+ Kc7 30. Bf1 Qe6 31. Bf4 1-0

[Event "4NCL Division 3"]
[Site "Daventry Court ENG"]
[Date "2014.03.23"]
[Round "8.148"]
[White "Boumphrey, Luke S"]
[Black "Humphreys, Jerry"]
[Result "1-0"]
[WhiteElo "1982"]
[BlackElo "2068"]
[PlyCount "47"]
[EventDate "2014.03.23"]
[WhiteTeam "Ferry 'Cross the Maroczy 1"]
[BlackTeam "Bristol University"]

1. e4 c5 2. Nc3 Nc6 3. f4 g6 4. Nf3 Bg7 5. Bc4 d6 6. O-O Nf6 7. d3 O-O 8. Qe1
e6 9. e5 dxe5 10. fxe5 Nd5 11. Bg5 Qd7 12. Ne4 Nxe5 13. Bxd5 exd5 14. Nf6+ Bxf6
15. Bxf6 Ng4 16. Ne5 Qe6 17. Nxg4 Qxg4 18. Qe3 Qh5 19. Qxc5 Be6 20. Bc3 Rfc8
21. Qd4 Kf8 22. Rae1 Ke8 23. Rxe6+ fxe6 24. Qg7 1-0

[Event "4NCL Division 3"]
[Site "Daventry Court ENG"]
[Date "2014.03.23"]
[Round "8.155"]
[White "Kane, Robert (Bob) B"]
[Black "Smart, Michael R"]
[Result "0-1"]
[WhiteElo "1870"]
[BlackElo "2014"]
[PlyCount "74"]
[EventDate "2014.03.23"]
[WhiteTeam "BCM Hippos (3)"]
[BlackTeam "Guildford 4"]

1. d4 Nf6 2. Nf3 g6 3. Nc3 d5 4. Bf4 c6 5. e3 Bg7 6. Be2 O-O 7. Ne5 Nfd7 8. h4
Nxe5 9. Bxe5 Bxe5 10. dxe5 Nd7 11. h5 Nxe5 12. Qd4 f6 13. f4 Ng4 14. hxg6 hxg6
15. Bxg4 Bxg4 16. f5 gxf5 17. Qf4 Qd6 18. Rh8+ Kf7 19. Rh7+ Ke6 20. Kf2 Rh8 21.
Rah1 Rxh7 22. Qxd6+ Kxd6 23. Rxh7 b5 24. Nb1 a5 25. Nd2 b4 26. Nf1 Bd1 27. c3
bxc3 28. bxc3 Rb8 29. Ng3 Rb2+ 30. Ke1 Bc2 31. Rh5 Rxa2 32. Rh8 Be4 33. Nxe4+
fxe4 34. Ra8 Kc5 35. g4 Kc4 36. Rc8 Kxc3 37. Rxc6+ Kd3 0-1

[Event "4NCL Division 3"]
[Site "Daventry Court ENG"]
[Date "2014.03.23"]
[Round "8.156"]
[White "Shepley, Julien M"]
[Black "Amato, Giampiero"]
[Result "1-0"]
[WhiteElo "1990"]
[BlackElo "2012"]
[PlyCount "65"]
[EventDate "2014.03.23"]
[WhiteTeam "Guildford 4"]
[BlackTeam "BCM Hippos (3)"]

1. e4 e5 2. Nf3 Nf6 3. d4 Nxe4 4. Bd3 d5 5. dxe5 Be7 6. c4 O-O 7. O-O Nc6 8.
cxd5 Qxd5 9. Nc3 Nxc3 10. bxc3 Rd8 11. Bc2 Bg4 12. Qxd5 Rxd5 13. Be4 Bxf3 14.
Bxf3 Rxe5 15. Bf4 Rc5 16. Bxc7 Rxc3 17. Rab1 Bf6 18. Rxb7 Nd4 19. Bd5 Rc8 20.
Ba5 Rc1 21. Bxf7+ Kh8 22. g3 R1c5 23. Bb4 R5c7 24. Rxc7 Rxc7 25. Bd5 g6 26. Re1
Rc8 27. Be7 Kg7 28. Kg2 Rc7 29. Bxf6+ Kxf6 30. Re4 Nb5 31. Bb3 Kf5 32. f3 Rd7
33. Be6+ 1-0

[Event "4NCL Division 3"]
[Site "Daventry Court ENG"]
[Date "2014.03.23"]
[Round "8.157"]
[White "Stayt, James N"]
[Black "Punnett, Alan K"]
[Result "1/2-1/2"]
[WhiteElo "1980"]
[BlackElo "2051"]
[PlyCount "53"]
[EventDate "2014.03.23"]
[WhiteTeam "BCM Hippos (3)"]
[BlackTeam "Guildford 4"]

1. e4 e6 2. d4 d5 3. Nc3 Bb4 4. e5 c5 5. a3 Bxc3+ 6. bxc3 Qc7 7. Qg4 f5 8. Qg3
cxd4 9. cxd4 Ne7 10. Bd2 O-O 11. Bd3 Bd7 12. Ne2 Nbc6 13. O-O Rf7 14. Rab1 Re8
15. Rfc1 Na5 16. Bxa5 Qxa5 17. Rxb7 Bc6 18. Rbb1 Ng6 19. h4 Qxa3 20. h5 Nf8 21.
Ra1 Qb4 22. Rcb1 Qd2 23. Qf4 Qxf4 24. Nxf4 Rc7 25. Ra6 Kf7 26. Rba1 Ree7 27.
R1a3 1/2-1/2

[Event "4NCL Division 3"]
[Site "Daventry Court ENG"]
[Date "2014.03.23"]
[Round "8.158"]
[White "Stimpson, Philip M"]
[Black "Fowler, David W"]
[Result "1/2-1/2"]
[WhiteElo "2008"]
[BlackElo "1877"]
[PlyCount "117"]
[EventDate "2014.03.23"]
[WhiteTeam "Guildford 4"]
[BlackTeam "BCM Hippos (3)"]

1. e4 e5 2. Nf3 Nc6 3. d4 exd4 4. Nxd4 Bb4+ 5. c3 Bc5 6. Bc4 Nge7 7. Bxf7+ Kxf7
8. Qh5+ g6 9. Qxc5 d6 10. Qc4+ Kg7 11. O-O Ne5 12. Qe2 c5 13. Nf3 Bg4 14. Nbd2
Rf8 15. h3 Nxf3+ 16. Nxf3 Bxf3 17. gxf3 Nc6 18. f4 Qe7 19. Be3 Rae8 20. f3 d5
21. e5 b6 22. Rae1 Qe6 23. Qg2 Ne7 24. b4 cxb4 25. cxb4 Nf5 26. Bd2 Rc8 27. Rc1
d4 28. a3 d3 29. Qf2 Qb3 30. Rb1 Qd5 31. Rbc1 Nd4 32. Kg2 Ne2 33. Rxc8 Rxc8 34.
Qe3 Rc2 35. f5 Rxd2 36. f6+ Kf7 37. Qxd2 Qxe5 38. f4 Qe4+ 39. Rf3 Kxf6 40. Kf2
Kf5 41. Qxd3 Qxd3 42. Rxd3 Nxf4 43. Rd7 Nxh3+ 44. Kg3 Ng5 45. Rxa7 Ne4+ 46. Kg2
b5 47. Rxh7 Ke5 48. Rd7 Nd6 49. Kf3 Ke6 50. Rg7 Kd5 51. Rxg6 Nc4 52. Rg5+ Kd4
53. Rg4+ Kc3 54. Rxc4+ Kxc4 55. Ke4 Kb3 56. Kd3 Kxa3 57. Kc3 Ka4 58. Kc2 Kxb4
59. Kb2 1/2-1/2

[Event "4NCL Division 3"]
[Site "Daventry Court ENG"]
[Date "2014.03.23"]
[Round "8.159"]
[White "Grieve, Harry"]
[Black "Singleton, Michael PF"]
[Result "1/2-1/2"]
[WhiteElo "1677"]
[BlackElo "2134"]
[PlyCount "85"]
[EventDate "2014.03.23"]
[WhiteTeam "BCM Hippos (3)"]
[BlackTeam "Guildford 4"]

1. g3 g6 2. Bg2 Bg7 3. c4 Nf6 4. Nc3 O-O 5. Nf3 d6 6. O-O Nc6 7. d3 e5 8. e4 h6
9. h3 Be6 10. Nd5 Kh7 11. Be3 Ng8 12. Ne1 Qd7 13. Kh2 f5 14. f4 Nce7 15. Nc3 c6
16. Qd2 d5 17. cxd5 cxd5 18. Ne2 d4 19. Bg1 Rad8 20. b3 fxe4 21. dxe4 d3 22.
Nc3 exf4 23. gxf4 Rc8 24. e5 g5 25. Rc1 Rxf4 26. Qxd3+ Ng6 27. Rxf4 Bxe5 28.
Rc2 gxf4 29. Be4 Qxd3 30. Nxd3 Bxc3 31. Nxf4 Be5 32. Bxg6+ Kg7 33. Bd4 Rxc2+
34. Bxc2 Kf6 35. Bxe5+ Kxe5 36. Nxe6 Kxe6 37. Be4 b6 38. Kg3 Ke5 39. Bd3 Nf6
40. a4 a5 41. h4 Kd4 42. Bc4 Ke3 43. Bf7 1/2-1/2

[Event "4NCL Division 3"]
[Site "Daventry Court ENG"]
[Date "2014.03.23"]
[Round "8.160"]
[White "Klein, Raimund"]
[Black "Cresswell, Mike J"]
[Result "1-0"]
[WhiteElo "1966"]
[BlackElo "1769"]
[PlyCount "97"]
[EventDate "2014.03.23"]
[WhiteTeam "Guildford 4"]
[BlackTeam "BCM Hippos (3)"]

1. e4 Nf6 2. e5 Nd5 3. d4 d6 4. Nf3 Bg4 5. c4 Nb6 6. exd6 exd6 7. Be2 N8d7 8.
b3 Be7 9. Nc3 Nf6 10. O-O O-O 11. Qc2 Nbd7 12. Re1 h6 13. Be3 Re8 14. Rad1 c6
15. h3 Bh5 16. Qc1 Bxf3 17. Bxf3 Bf8 18. Re2 Nh7 19. Rde1 Ndf6 20. d5 c5 21.
Bf4 Qd7 22. Rxe8 Rxe8 23. Rxe8 Qxe8 24. Nb5 Qb8 25. Qe3 a6 26. Nc3 Qd8 27. Ne4
Nxe4 28. Bxe4 Nf6 29. Bb1 Qa5 30. Qd2 Qxd2 31. Bxd2 g5 32. Ba5 Nd7 33. Bf5 b6
34. Bc3 Ne5 35. Bc8 a5 36. Bf5 Ng6 37. Bxg6 fxg6 38. Bf6 Bg7 39. Bd8 Kf7 40.
Bxb6 Bc3 41. Kf1 Kf6 42. g4 Ke5 43. Bc7 Bb4 44. Ke2 Bc3 45. Ke3 Be1 46. Bd8 Bc3
47. Be7 Bb4 48. Bf8 h5 49. Bg7# 1-0

[Event "4NCL Division 3"]
[Site "Daventry Court ENG"]
[Date "2014.03.23"]
[Round "8.165"]
[White "Sully, David J"]
[Black "Wallace, Paul A"]
[Result "0-1"]
[WhiteElo "2109"]
[BlackElo "2152"]
[PlyCount "75"]
[EventDate "2014.03.23"]
[WhiteTeam "The Full Ponty"]
[BlackTeam "Cheddleton 2"]

1. e4 e5 2. Nf3 Nc6 3. Nc3 Nf6 4. Bb5 Bc5 5. O-O d6 6. d4 exd4 7. Nxd4 Bd7 8.
Nxc6 bxc6 9. Bc4 O-O 10. Bg5 h6 11. Bh4 Re8 12. Qd3 Be6 13. Bb3 Qe7 14. Rfe1
Rad8 15. Rad1 Bg4 16. Rd2 Qe5 17. Bg3 Qh5 18. Kh1 Qg6 19. f3 Bd7 20. Bf2 Re5
21. Bxc5 Rxc5 22. f4 Re8 23. Rde2 Rh5 24. f5 Qg5 25. Kg1 Rh4 26. Qe3 Qh5 27.
Qg3 Rg4 28. Qf3 Qg5 29. g3 h5 30. Qe3 h4 31. Qxg5 Rxg5 32. Kg2 Kf8 33. Kf3 g6
34. gxh4 Rh5 35. fxg6 Bg4+ 36. Kf2 Bxe2 37. gxf7 Re7 38. Rxe2 {Unable to read
remaining moves} 0-1

[Event "4NCL Division 3"]
[Site "Daventry Court ENG"]
[Date "2014.03.23"]
[Round "8.166"]
[White "Armstrong, Malcolm J"]
[Black "Gilbert, Jonathan A"]
[Result "1/2-1/2"]
[WhiteElo "2118"]
[BlackElo "2063"]
[PlyCount "32"]
[EventDate "2014.03.23"]
[WhiteTeam "Cheddleton 2"]
[BlackTeam "The Full Ponty"]

1. d4 Nf6 2. Nf3 g6 3. Nc3 d5 4. Bf4 Bg7 5. Qd2 Ne4 6. Nxe4 dxe4 7. Ne5 Be6 8.
Qb4 f6 9. Nc4 O-O 10. e3 Bd5 11. Be2 Nc6 12. Qc3 a5 13. a4 Qd7 14. h3 b6 15.
O-O g5 16. Bh2 f5 1/2-1/2